La India contemporánea /

Se describe el violento paisaje que ofrece la India independiente. Por lo general, el autor retrocede al pasado donde descubre la pervivencia de los hondos trazos que dejaron en las tierras hindués las sucesivas invasiones, revoluciones contacto con otras culturas y otras concepciones espirituales y...

Celý popis

Uloženo v:
Podrobná bibliografie
Hlavní autor: Mende, Tibor (autor)
Médium: Kniha
Jazyk:španělština
Vydáno: México : Fondo de Cultura Económica, 1967
Vydání:2a edición
Edice:(Breviarios ; 91)
Témata:
Tagy: Přidat tag
Žádné tagy, Buďte první, kdo vytvoří štítek k tomuto záznamu!

MARC

LEADER 00000nam^a2200000^a^4500
001 000000598
005 20250521000000.0
009 20260310083032.459
037 |a Acervo ITESO - Biblioteca 
041 |a ESP 
082 |a 082.  |b BRE V. 91 
100 |a Mende, Tibor  |e (autor) 
245 1 3 |a La India contemporánea /  |c T. Mende ; tr. por Francisco González Aramburo. 
250 |a 2a edición 
264 1 |a México :  |b Fondo de Cultura Económica,  |c 1967 
300 |a 321 p. 
336 |a texto  |b txt  |2 rdacontenido 
337 |a sin mediación  |b n  |2 rdamedio 
338 |a volumen  |b nc  |2 rdasoporte 
440 1 |a (Breviarios ;  |v 91) 
500 |a Traducción de: L'Inde devant I'orage 
520 |a Se describe el violento paisaje que ofrece la India independiente. Por lo general, el autor retrocede al pasado donde descubre la pervivencia de los hondos trazos que dejaron en las tierras hindués las sucesivas invasiones, revoluciones contacto con otras culturas y otras concepciones espirituales y materiales. Trata el autor también de alcanzar el significado que para su realidad actual puede tener el mensaje espiritual, mágico hacedor de la independencia Gandhi. 
649 |a XX 
650 |a India -  |x Historia -  |y Siglo XX 
650 |a India -  |x Condiciones Sociales y Culturales 
650 |a India -  |x Condiciones Políticas 
910 |a Fondo General 
920 |a Impresos - Libros 
930 |a Colección General 
905 |a 101 
901 |a 0005980100  |b IT1  |c ACC  |i 000598  |u 20250521 
902 |a https://opac.biblio.iteso.mx/vufind/Record/000000598